[Event "Smuk Skak GM 2023"]
[Site "Skanderborg"]
[Date "2023.08.12"]
[Round "1"]
[White "Nagy, Gabor"]
[Black "Thybo, Jesper Sondergaard"]
[Result "1/2-1/2"]
[WhiteElo "2452"]
[BlackElo "2542"]
[PlyCount "64"]
[EventDate "2023.08.12"]
[EventType "tourn"]
[EventRounds "9"]
[EventCountry "DEN"]
[SourceTitle "Live v. Skanderborg Skak"]

1. d4 Nf6 2. c4 e6 3. Nf3 d5 4. Nc3 c5 5. cxd5 cxd4 6. Qxd4 exd5 7. e4 dxe4 8.
Qxd8+ Kxd8 9. Ng5 Be6 10. Nxe6+ fxe6 11. Bg5 Nc6 12. O-O-O+ Ke8 13. Bb5 Rc8 14.
Kb1 Bb4 15. Bxf6 gxf6 16. Nxe4 f5 17. a3 fxe4 18. axb4 Rf8 19. Rhe1 Rd8 20.
Bxc6+ bxc6 21. Rxd8+ Kxd8 22. Rxe4 Rxf2 23. Rxe6 Rxg2 24. Rh6 Rg4 25. Rxh7 Rxb4
26. Rxa7 Rh4 27. h3 Rxh3 28. Rg7 Rd3 29. Kc2 Rd7 30. Rxd7+ Kxd7 31. Kc3 c5 32.
Kc4 Kc6 1/2-1/2

[Event "Smuk Skak GM 2023"]
[Site "Skanderborg"]
[Date "2023.08.12"]
[Round "1"]
[White "Rozentalis, Eduardas"]
[Black "Korley, Kassa"]
[Result "1/2-1/2"]
[WhiteElo "2490"]
[BlackElo "2447"]
[PlyCount "118"]
[EventDate "2023.08.12"]
[EventType "tourn"]
[EventRounds "9"]
[EventCountry "DEN"]
[SourceTitle "Live v. Skanderborg Skak"]

1. e4 e6 2. d4 d5 3. Nd2 c5 4. exd5 Qxd5 5. Ngf3 cxd4 6. Bc4 Qd6 7. Qe2 Nf6 8.
Nb3 Nc6 9. Bg5 h6 10. Bxf6 gxf6 11. O-O-O Bg7 12. Nbxd4 Qf4+ 13. Kb1 O-O 14.
Nxc6 bxc6 15. Rhe1 Rb8 16. c3 c5 17. Bd3 Bb7 18. Be4 f5 19. Bxb7 Rxb7 20. g3
Rxb2+ 21. Qxb2 Qxf3 22. Rc1 Rd8 23. Re3 Qd5 24. Ka1 c4 25. f4 a5 26. Ree1 a4
27. a3 Qa8 28. Qb4 Rb8 29. Qxc4 Rb3 30. Re2 Qa5 31. Rec2 Rxa3+ 32. Kb1 h5 33.
Ra2 Qb6+ 34. Rb2 Qe3 35. Ra2 Rb3+ 36. Rb2 Ra3 37. Ra2 Rxa2 38. Qxa2 Bxc3 39.
Qc2 Bf6 40. Qxa4 Qb6+ 41. Kc2 Qf2+ 42. Kd3 Qf3+ 43. Kd2 Qg2+ 44. Ke3 Qxh2 45.
Qa8+ Kg7 46. Qf3 Qa2 47. Rh1 Be7 48. Rxh5 Bc5+ 49. Kd3 Qa6+ 50. Kc2 Qa2+ 51.
Kd3 Bb4 52. Rh7+ Kf6 53. Rh6+ Kg7 54. Rh7+ Kxh7 55. Qh5+ Kg8 56. Qg5+ Kh7 57.
Qh5+ Kg7 58. Qg5+ Kf8 59. Qd8+ Kg7 1/2-1/2

[Event "Smuk Skak GM 2023"]
[Site "Skanderborg"]
[Date "2023.08.12"]
[Round "1"]
[White "Fromm, Marius"]
[Black "Pedersen, Nicolai Vesterbaek"]
[Result "1-0"]
[WhiteElo "2458"]
[BlackElo "2360"]
[PlyCount "107"]
[EventDate "2023.08.12"]
[EventType "tourn"]
[EventRounds "9"]
[EventCountry "DEN"]
[SourceTitle "Live v. Skanderborg Skak"]

1. e4 e5 2. Nf3 Nc6 3. Bc4 Bc5 4. d3 Nf6 5. O-O O-O 6. h3 h6 7. Re1 d6 8. c3 a5
9. Nbd2 Re8 10. Nf1 Bd7 11. Ng3 a4 12. d4 exd4 13. cxd4 Bb4 14. Bd2 Bxd2 15.
Qxd2 a3 16. b4 Nh7 17. b5 Na5 18. Bf1 Ng5 19. Re3 Qf6 20. Nxg5 hxg5 21. Rf3 Qg6
22. Qb4 g4 23. hxg4 Bxg4 24. Rxa3 b6 25. Rc1 Re7 26. Qd2 Rc8 27. Rac3 Nb7 28.
f4 d5 29. f5 Qh6 30. Qxh6 gxh6 31. e5 f6 32. Rc6 fxe5 33. Rxb6 cxb6 34. Rxc8+
Kf7 35. dxe5 Rxe5 36. Rc7+ Re7 37. Rc6 h5 38. Rxb6 h4 39. f6 Rd7 40. Ne2 Bxe2
41. Bxe2 Nd6 42. a4 Kxf6 43. a5 Ke5 44. a6 Rg7 45. Kh2 h3 46. gxh3 Rf7 47. Kg2
Rg7+ 48. Kf1 d4 49. h4 Rf7+ 50. Ke1 Kd5 51. Rb7 Re7 52. b6 d3 53. a7 Rxe2+ 54.
Kd1 1-0

[Event "Smuk Skak GM 2023"]
[Site "Skanderborg"]
[Date "2023.08.12"]
[Round "1"]
[White "Pajeken, Jakob Leon"]
[Black "Ramsdal, Jens Albert"]
[Result "1-0"]
[WhiteElo "2420"]
[BlackElo "2383"]
[PlyCount "67"]
[EventDate "2023.08.12"]
[EventType "tourn"]
[EventRounds "9"]
[EventCountry "DEN"]
[SourceTitle "Live v. Skanderborg Skak"]

1. e4 c5 2. Nf3 d6 3. d4 cxd4 4. Nxd4 Nf6 5. Nc3 Nc6 6. Bg5 e6 7. Qd2 a6 8.
O-O-O Bd7 9. Kb1 Be7 10. f3 Nxd4 11. Qxd4 Qc7 12. Qd2 b5 13. h4 b4 14. Ne2 a5
15. c4 bxc3 16. Nxc3 Rb8 17. a4 O-O 18. Nb5 Bxb5 19. Bxb5 Rfc8 20. Rc1 Qd8 21.
g4 Rxc1+ 22. Rxc1 h6 23. Be3 Nd7 24. g5 h5 25. Rc6 d5 26. exd5 Bb4 27. Qc2 exd5
28. g6 Qe7 29. Qf5 fxg6 30. Qxd5+ Kh7 31. Bd3 Nf6 32. Rxf6 Bc3 33. Bxg6+ Kh8
34. Qxh5+ 1-0

[Event "Smuk Skak GM 2023"]
[Site "Skanderborg"]
[Date "2023.08.13"]
[Round "2"]
[White "Nagy, Gabor"]
[Black "Boe Olsen, Filip"]
[Result "1/2-1/2"]
[WhiteElo "2452"]
[BlackElo "2421"]
[PlyCount "62"]
[EventDate "2023.08.12"]
[EventType "tourn"]
[EventRounds "9"]
[EventCountry "DEN"]
[SourceTitle "Live v. Skanderborg Skak"]

1. e4 c5 2. Nf3 d6 3. Nc3 Nf6 4. Be2 a6 5. d4 cxd4 6. Qxd4 Nc6 7. Qe3 g6 8. h3
Bg7 9. O-O O-O 10. Rd1 Bd7 11. Rb1 Rc8 12. b3 Nb4 13. a3 Nxc2 14. Qd2 Qa5 15.
Bb2 Nxa3 16. Ra1 Nxe4 17. Nxe4 Qxd2 18. Rxd2 Bxb2 19. Rxb2 Nc2 20. Rd1 Nb4 21.
Ned2 b5 22. Bf1 f6 23. Ne1 Bf5 24. g4 Be6 25. Nd3 Nxd3 26. Bxd3 Rc3 27. Bf1 Kf7
28. Ra1 Bc8 29. Bg2 Rd8 30. Rd1 Be6 31. Ra2 Bc8 1/2-1/2

[Event "Smuk Skak GM 2023"]
[Site "Skanderborg"]
[Date "2023.08.13"]
[Round "2"]
[White "Korley, Kassa"]
[Black "Fromm, Marius"]
[Result "1-0"]
[WhiteElo "2447"]
[BlackElo "2458"]
[PlyCount "67"]
[EventDate "2023.08.12"]
[EventType "tourn"]
[EventRounds "9"]
[EventCountry "DEN"]
[SourceTitle "Live v. Skanderborg Skak"]

1. Nf3 d5 2. b3 Nf6 3. Bb2 Bf5 4. Nh4 Bd7 5. c4 e6 6. Nf3 Bd6 7. g3 O-O 8. Bg2
a5 9. d4 a4 10. c5 Be7 11. b4 b6 12. O-O Ne4 13. Ne5 f5 14. Na3 Nc6 15. Nxd7
Qxd7 16. f3 Ng5 17. b5 Na5 18. Rc1 bxc5 19. dxc5 c6 20. h4 Nf7 21. e4 cxb5 22.
exf5 exf5 23. Re1 b4 24. Nb5 Nc4 25. Rxc4 Qxb5 26. Rf4 Bxc5+ 27. Kh1 Bf2 28.
Re2 Qb6 29. Rxf5 Bxg3 30. f4 Qg6 31. Bh3 Rae8 32. h5 Qc6 33. Qd4 Qh6 34. Rxf7
1-0

[Event "Smuk Skak GM 2023"]
[Site "Skanderborg"]
[Date "2023.08.13"]
[Round "2"]
[White "Pedersen, Nicolai Vesterbaek"]
[Black "Pajeken, Jakob Leon"]
[Result "0-1"]
[WhiteElo "2360"]
[BlackElo "2420"]
[PlyCount "50"]
[EventDate "2023.08.12"]
[EventType "tourn"]
[EventRounds "9"]
[EventCountry "DEN"]
[SourceTitle "Live v. Skanderborg Skak"]

1. c4 Nf6 2. Nc3 e5 3. Nf3 Nc6 4. g3 d5 5. cxd5 Nxd5 6. Bg2 Bc5 7. O-O O-O 8.
Qc2 Nxc3 9. bxc3 Qe7 10. d3 h6 11. Rb1 Bb6 12. Nd2 Be6 13. Qa4 Rfd8 14. Nc4 Bd5
15. Bxd5 Rxd5 16. Nxb6 cxb6 17. Qe4 Rad8 18. Bb2 b5 19. a4 bxa4 20. Qxa4 b5 21.
Qe4 Qd7 22. c4 bxc4 23. dxc4 Rd6 24. c5 Rd5 25. Qc4 Qh3 0-1

[Event "Smuk Skak GM 2023"]
[Site "Skanderborg"]
[Date "2023.08.13"]
[Round "2"]
[White "Thybo, Jesper Sondergaard"]
[Black "Ramsdal, Jens Albert"]
[Result "1-0"]
[WhiteElo "2542"]
[BlackElo "2383"]
[PlyCount "87"]
[EventDate "2023.08.12"]
[EventType "tourn"]
[EventRounds "9"]
[EventCountry "DEN"]
[SourceTitle "Live v. Skanderborg Skak"]

1. Nf3 d5 2. g3 Bg4 3. Bg2 c6 4. c4 e6 5. O-O Nf6 6. d4 Nbd7 7. Qb3 Qb6 8. Nc3
Be7 9. Rd1 O-O 10. Bf4 Rfe8 11. h3 Bf5 12. c5 Qxb3 13. axb3 Bc2 14. Rdc1 Bxb3
15. Nd2 Bc4 16. Nxc4 dxc4 17. Ra4 Nd5 18. Rxc4 Nxf4 19. gxf4 Rac8 20. Ra4 a6
21. e3 Rc7 22. Ne4 Nf6 23. Nd2 Nd5 24. Nc4 Rd7 25. Rd1 Nc7 26. Na5 Rb8 27. Nxb7
Nd5 28. Na5 Rxb2 29. Nc4 Rc2 30. Be4 Re2 31. Bd3 Nc3 32. Ra3 Rxe3 33. Rxc3 Rxh3
34. Ne5 Rc7 35. Kg2 Rh4 36. Kg3 Rh5 37. Be4 Bh4+ 38. Kg2 g5 39. Rh1 f5 40. Bf3
Rh6 41. fxg5 Bxg5 42. Rxh6 Bxh6 43. Bxc6 Bg7 44. Bd7 1-0

[Event "Smuk Skak GM 2023"]
[Site "Skanderborg"]
[Date "2023.08.14"]
[Round "3"]
[White "Rozentalis, Eduardas"]
[Black "Nagy, Gabor"]
[Result "1/2-1/2"]
[WhiteElo "2490"]
[BlackElo "2452"]
[PlyCount "49"]
[EventDate "2023.08.12"]
[EventType "tourn"]
[EventRounds "9"]
[EventCountry "DEN"]
[SourceTitle "Live v. Skanderborg Skak"]

1. e4 e5 2. Nf3 Nc6 3. Nc3 Nf6 4. d4 exd4 5. Nxd4 Bb4 6. Nxc6 bxc6 7. Bd3 d5 8.
exd5 cxd5 9. O-O O-O 10. Qf3 c6 11. h3 Re8 12. Bg5 h6 13. Bxf6 Qxf6 14. Qxf6
gxf6 15. Ne2 Rb8 16. Rad1 Bd6 17. b3 Be6 18. Nd4 c5 19. Nf5 Bf8 20. Ne3 Red8
21. Rfe1 Bd6 22. Nf5 Bf8 23. Ne3 Bd6 24. Nf5 Bf8 25. Ne3 1/2-1/2

[Event "Smuk Skak GM 2023"]
[Site "Skanderborg"]
[Date "2023.08.14"]
[Round "3"]
[White "Boe Olsen, Filip"]
[Black "Thybo, Jesper Sondergaard"]
[Result "1/2-1/2"]
[WhiteElo "2421"]
[BlackElo "2542"]
[PlyCount "157"]
[EventDate "2023.08.12"]
[EventType "tourn"]
[EventRounds "9"]
[EventCountry "DEN"]
[SourceTitle "Live v. Skanderborg Skak"]

1. d4 Nf6 2. c4 e6 3. Nf3 d5 4. g3 dxc4 5. Bg2 Nc6 6. Qa4 Bb4+ 7. Bd2 Nd5 8.
Qc2 Bxd2+ 9. Nbxd2 b5 10. a4 Ncb4 11. Qc1 c6 12. b3 c3 13. Ne4 bxa4 14. Rxa4 a5
15. Nxc3 Ba6 16. Qd2 Nxc3 17. Qxc3 Qb6 18. Ne5 O-O 19. Nd7 Qb5 20. O-O Rfd8 21.
Nc5 Qb6 22. Nxa6 Rxa6 23. e3 Nd5 24. Qc4 Rb8 25. Rfa1 Ra7 26. R4a3 g6 27. h4 h5
28. Bf3 Qc7 29. Kg2 Rb4 30. Qc5 Qb6 31. Rc1 Ne7 32. Qxb6 Rxb6 33. Be2 Rb8 34.
Rc5 Kf8 35. Bf3 Ra6 36. Bd1 Rba8 37. Be2 R6a7 38. Bf3 Ra6 39. Be2 R6a7 40. Bf3
Ra6 41. Rc4 Nd5 42. Be2 Rb6 43. Rc5 Nc7 44. Bf3 Raa6 45. Rcxa5 Rxa5 46. Rxa5
Rxb3 47. Bxc6 Rc3 48. Bf3 Ne8 49. Ra8 Ke7 50. Ra7+ Kf8 51. Ra2 Nf6 52. Rd2 Ra3
53. Kf1 Ke7 54. Ke2 Kd6 55. Rb2 Ke7 56. Bb7 Kf8 57. f3 Ke7 58. e4 Ne8 59. Rc2
Nd6 60. Bc6 Kd8 61. Kf2 Ke7 62. e5 Nf5 63. d5 exd5 64. Bxd5 Ra7 65. Rb2 Rd7 66.
Rb5 f6 67. e6 Rc7 68. Be4 Kxe6 69. Rb6+ Kf7 70. Bxf5 gxf5 71. Rb5 Kg6 72. Rb8
Rc3 73. Rh8 Ra3 74. Rg8+ Kh7 75. Rf8 Kg7 76. Rc8 Kg6 77. Rg8+ Kh7 78. Rf8 Kg7
79. Rc8 1/2-1/2

[Event "Smuk Skak GM 2023"]
[Site "Skanderborg"]
[Date "2023.08.14"]
[Round "3"]
[White "Pajeken, Jakob Leon"]
[Black "Korley, Kassa"]
[Result "0-1"]
[WhiteElo "2420"]
[BlackElo "2447"]
[PlyCount "140"]
[EventDate "2023.08.12"]
[EventType "tourn"]
[EventRounds "9"]
[EventCountry "DEN"]
[SourceTitle "Live v. Skanderborg Skak"]

1. d4 Nf6 2. c4 e6 3. Nc3 d5 4. cxd5 exd5 5. Bg5 c6 6. e3 Be7 7. Bd3 O-O 8. h3
Nbd7 9. Nf3 Ne4 10. Bf4 Ndf6 11. Qc2 Bd6 12. Ne5 Nxc3 13. bxc3 c5 14. dxc5 Bxc5
15. O-O Bd6 16. Bh2 Qc7 17. Nf3 Bxh2+ 18. Nxh2 Bd7 19. Rab1 Rac8 20. Rfc1 b6
21. Rb4 Qc5 22. Rf4 Rc6 23. Nf3 Qe7 24. Nd4 Rc5 25. Nb3 Rc7 26. Rd4 Qa3 27. Qd2
Rfc8 28. c4 Be6 29. Bf1 Ne4 30. Qd3 Qxa2 31. Rc2 Qb1 32. Nd2 Qd1 33. Nxe4 Qxd3
34. Bxd3 dxe4 35. Bxe4 g6 36. Bd5 Bxd5 37. Rxd5 Rxc4 38. Ra2 R4c7 39. g4 Rb7
40. Rb5 Kg7 41. Kf1 Rd7 42. Ke2 Rc1 43. Kf3 Kf6 44. h4 h6 45. h5 Rc4 46. Kg3 g5
47. f4 gxf4+ 48. exf4 Rc3+ 49. Kg2 Rdc7 50. Rbb2 Kg7 51. Re2 a5 52. Reb2 R7c6
53. Rb5 R3c4 54. Kg3 a4 55. g5 hxg5 56. Rxg5+ Kh6 57. Rf5 f6 58. Rb5 R4c5 59.
Rxc5 bxc5 60. Kg4 c4 61. Rxa4 c3 62. Ra1 c2 63. Rc1 Rc5 64. Kf3 Kxh5 65. Ke4
Kg4 66. Rg1+ Kh3 67. Rc1 Kg3 68. Kd4 Rc8 69. Ke4 Kf2 70. Kd5 Ke3 0-1

[Event "Smuk Skak GM 2023"]
[Site "Skanderborg"]
[Date "2023.08.14"]
[Round "3"]
[White "Ramsdal, Jens Albert"]
[Black "Pedersen, Nicolai Vesterbaek"]
[Result "1-0"]
[WhiteElo "2383"]
[BlackElo "2360"]
[PlyCount "61"]
[EventDate "2023.08.12"]
[EventType "tourn"]
[EventRounds "9"]
[EventCountry "DEN"]
[SourceTitle "Live v. Skanderborg Skak"]

1. d4 Nf6 2. c4 g6 3. Nc3 Bg7 4. e4 O-O 5. h3 d6 6. Be3 a6 7. Qd2 Nbd7 8. O-O-O
b5 9. e5 b4 10. Na4 Ne4 11. Qc2 Bb7 12. Bd3 f5 13. f4 c5 14. Nf3 Qa5 15. d5
dxe5 16. fxe5 e6 17. Bxe4 fxe4 18. dxe6 exf3 19. exd7 fxg2 20. Rhe1 Bc6 21. e6
Bxa4 22. b3 Bc6 23. Bg5 Qa3+ 24. Kb1 g1=Q 25. Bc1 Qxc1+ 26. Qxc1 Qg2 27. Qc2
Qxc2+ 28. Kxc2 Rf2+ 29. Kb1 Rb2+ 30. Kc1 Rxa2 31. d8=Q+ 1-0

[Event "Smuk Skak GM 2023"]
[Site "Skanderborg"]
[Date "2023.08.15"]
[Round "4"]
[White "Nagy, Gabor"]
[Black "Fromm, Marius"]
[Result "1-0"]
[WhiteElo "2452"]
[BlackElo "2458"]
[PlyCount "89"]
[EventDate "2023.08.12"]
[EventType "tourn"]
[EventRounds "9"]
[EventCountry "DEN"]
[SourceTitle "Live v. Skanderborg Skak"]

1. c4 e6 2. Nc3 c5 3. Nf3 Nc6 4. g3 Nf6 5. Bg2 d5 6. cxd5 exd5 7. d4 Be7 8. O-O
O-O 9. dxc5 Bxc5 10. a3 a5 11. Bg5 Be6 12. Rc1 Rc8 13. Bxf6 Qxf6 14. Nxd5 Bxd5
15. Qxd5 b6 16. Qb3 a4 17. Qb5 Nd4 18. Nxd4 Bxd4 19. Rxc8 Rxc8 20. Bd5 Rd8 21.
Qxa4 Bxb2 22. Rd1 Kh8 23. Rd3 g6 24. Kg2 Qe5 25. e4 f5 26. exf5 Qxf5 27. Qb4
Qe5 28. Kf1 Ba1 29. h4 Qc7 30. Bc4 Bg7 31. Rxd8+ Qxd8 32. Qe1 Qa8 33. Qe6 Qh1+
34. Ke2 Qa8 35. Bd5 Qd8 36. g4 Qb8 37. Kf1 Qf8 38. a4 Bd4 39. f3 Kg7 40. g5 Kh8
41. Kg2 Qd8 42. f4 Qf8 43. Kg3 Kg7 44. h5 Qa3+ 45. Bb3 1-0

[Event "Smuk Skak GM 2023"]
[Site "Skanderborg"]
[Date "2023.08.15"]
[Round "4"]
[White "Boe Olsen, Filip"]
[Black "Rozentalis, Eduardas"]
[Result "1/2-1/2"]
[WhiteElo "2421"]
[BlackElo "2490"]
[PlyCount "67"]
[EventDate "2023.08.12"]
[EventType "tourn"]
[EventRounds "9"]
[EventCountry "DEN"]
[SourceTitle "Live v. Skanderborg Skak"]

1. c4 e6 2. Nf3 Nf6 3. g3 b6 4. d4 Bb7 5. Bg2 Be7 6. O-O O-O 7. Re1 Na6 8. Nc3
Ne4 9. h4 d5 10. cxd5 exd5 11. Bf4 c5 12. e3 h6 13. dxc5 Nxc3 14. bxc3 Nxc5 15.
Be5 Re8 16. Bd4 Bf6 17. Rc1 Rc8 18. c4 dxc4 19. Bxf6 Qxf6 20. Rxc4 Rcd8 21. Qa1
Qe6 22. Rd4 Bxf3 23. Bxf3 Rxd4 24. Qxd4 Qe5 25. Rd1 Kf8 26. Qc4 Qf6 27. Bd5 Rd8
28. Rd4 Qe5 29. Kg2 Rd7 30. Bf3 Rd6 31. Rf4 Rf6 32. Rxf6 Qxf6 33. Qd5 g6 34. h5
1/2-1/2

[Event "Smuk Skak GM 2023"]
[Site "Skanderborg"]
[Date "2023.08.15"]
[Round "4"]
[White "Thybo, Jesper Sondergaard"]
[Black "Pedersen, Nicolai Vesterbaek"]
[Result "1-0"]
[WhiteElo "2542"]
[BlackElo "2360"]
[PlyCount "41"]
[EventDate "2023.08.12"]
[EventType "tourn"]
[EventRounds "9"]
[EventCountry "DEN"]
[SourceTitle "Live v. Skanderborg Skak"]

1. d4 Nf6 2. c4 e6 3. Nf3 d5 4. g3 Bb4+ 5. Bd2 Be7 6. Bg2 O-O 7. O-O c6 8. Qc2
b6 9. Bf4 Ba6 10. cxd5 cxd5 11. Rc1 Bd6 12. Ne5 Qe7 13. Nc3 Nh5 14. Bd2 Nd7 15.
Qa4 Bxe5 16. dxe5 Nc5 17. Qa3 d4 18. Ne4 Bxe2 19. Nxc5 bxc5 20. Bxa8 Rxa8 21.
Qxc5 1-0

[Event "Smuk Skak GM 2023"]
[Site "Skanderborg"]
[Date "2023.08.15"]
[Round "4"]
[White "Korley, Kassa"]
[Black "Ramsdal, Jens Albert"]
[Result "1/2-1/2"]
[WhiteElo "2447"]
[BlackElo "2383"]
[PlyCount "163"]
[EventDate "2023.08.12"]
[EventType "tourn"]
[EventRounds "9"]
[EventCountry "DEN"]
[SourceTitle "Live v. Skanderborg Skak"]

1. Nf3 Nf6 2. g3 e6 3. Bg2 d5 4. O-O Be7 5. d4 O-O 6. b3 b6 7. c4 Bb7 8. cxd5
Nxd5 9. Bb2 c5 10. Nbd2 Nd7 11. Nc4 Rc8 12. Rc1 b5 13. Nce5 N7f6 14. Ng5 h6 15.
Ngxf7 Rxf7 16. dxc5 Rf8 17. Qd4 Ba8 18. e4 Nc7 19. Qe3 Qe8 20. c6 Na6 21. Qxa7
Nb4 22. Ba3 Bd6 23. Qd4 Bxe5 24. Qxb4 Qh5 25. h3 Bxc6 26. Rxc6 Rxc6 27. Qxf8+
Kh7 28. Be7 Rc2 29. Bxf6 Bxf6 30. Qd6 Qe5 31. Qa6 Be7 32. Kh1 Bd6 33. Qb6 Rxa2
34. Qe3 Rc2 35. Qd3 Rc3 36. Qb1 Kg8 37. Rd1 Bc7 38. Rc1 b4 39. Kg1 Bb6 40. Rxc3
bxc3 41. Kf1 Qd4 42. Qc2 Qxf2+ 43. Qxf2 Bxf2 44. Ke2 Bxg3 45. Kd3 Be5 46. b4
Kf7 47. Bf3 Kf6 48. b5 Ke7 49. Bh5 Kd6 50. Bg6 Kc5 51. Bf7 Kxb5 52. Bxe6 g5 53.
Bf7 Kc5 54. Bh5 Kd6 55. Bd1 Ke6 56. Ke3 Kf6 57. Bh5 Bc7 58. Kd3 Be5 59. Ke3 Ke7
60. Kd3 Kd6 61. Bd1 Kc5 62. Bh5 Bf6 63. Bg6 Kd6 64. Bh5 Bd4 65. Bg4 Bg7 66. Bh5
Ke7 67. Bd1 Be5 68. Bh5 Kf6 69. Ke3 Bd6 70. Kd3 Bb4 71. Bg4 Ke5 72. Bh5 Kf4 73.
Bg4 Ba5 74. Bd1 Kg3 75. Bg4 Kh4 76. e5 h5 77. Bf5 g4 78. hxg4 hxg4 79. e6 Bb4
80. Bxg4 Kxg4 81. e7 Bxe7 82. Kxc3 1/2-1/2

[Event "Smuk Skak GM 2023"]
[Site "Skanderborg"]
[Date "2023.08.16"]
[Round "5"]
[White "Pajeken, Jakob Leon"]
[Black "Nagy, Gabor"]
[Result "1/2-1/2"]
[WhiteElo "2420"]
[BlackElo "2452"]
[PlyCount "87"]
[EventDate "2023.08.12"]
[EventType "tourn"]
[EventRounds "9"]
[EventCountry "DEN"]
[SourceTitle "Live v. Skanderborg Skak"]

1. e4 e5 2. Nf3 Nc6 3. Bb5 a6 4. Ba4 d6 5. O-O Nf6 6. Bxc6+ bxc6 7. d4 Nxe4 8.
dxe5 Be7 9. Qe2 Nc5 10. Nd4 Bd7 11. exd6 cxd6 12. Re1 Ne6 13. Nf5 O-O 14. Nxe7+
Qxe7 15. Nc3 Rfe8 16. Be3 Qh4 17. Qd2 d5 18. Ne2 h6 19. Rad1 Rad8 20. Qc3 Rc8
21. Ng3 Nc7 22. Qc5 Qf6 23. c3 Qg6 24. Qa7 Red8 25. Qd4 Nb5 26. Qf4 Nd6 27. Bc5
Nc4 28. b3 Nb2 29. Bb6 Rf8 30. Bc5 Nxd1 31. Bxf8 Nxf2 32. Qxf2 Rxf8 33. Qa7 Bc8
34. Qc7 Qf6 35. Re5 Be6 36. Nh5 Qg6 37. h3 Bxh3 38. Nf4 Qb1+ 39. Kh2 Be6 40.
Qxc6 Qc1 41. Nxe6 fxe6 42. Qxe6+ Kh8 43. Rf5 Rd8 44. Qe7 1/2-1/2

[Event "Smuk Skak GM 2023"]
[Site "Skanderborg"]
[Date "2023.08.16"]
[Round "5"]
[White "Fromm, Marius"]
[Black "Boe Olsen, Filip"]
[Result "1-0"]
[WhiteElo "2458"]
[BlackElo "2421"]
[PlyCount "67"]
[EventDate "2023.08.12"]
[EventType "tourn"]
[EventRounds "9"]
[EventCountry "DEN"]
[SourceTitle "Live v. Skanderborg Skak"]

1. e4 c5 2. Nc3 d6 3. Nge2 Nf6 4. g3 g6 5. Bg2 Bg7 6. d4 cxd4 7. Nxd4 O-O 8. h3
Nc6 9. Be3 Bd7 10. O-O Nxd4 11. Bxd4 Bc6 12. Re1 Nd7 13. Bxg7 Kxg7 14. Nd5 e6
15. Qd4+ Nf6 16. Ne3 e5 17. Qd3 Qc7 18. Rad1 Rfd8 19. c4 a6 20. Rc1 Rac8 21. b4
b5 22. cxb5 Bxb5 23. Qd2 Qd7 24. h4 Rc6 25. Red1 Qb7 26. Nf5+ Kf8 27. Qg5 gxf5
28. Qxf6 Rxc1 29. Rxc1 Ke8 30. Qxf5 h6 31. Qf6 Bd3 32. a3 Rc8 33. Rxc8+ Qxc8
34. Qh8+ 1-0

[Event "Smuk Skak GM 2023"]
[Site "Skanderborg"]
[Date "2023.08.16"]
[Round "5"]
[White "Rozentalis, Eduardas"]
[Black "Thybo, Jesper Sondergaard"]
[Result "1/2-1/2"]
[WhiteElo "2490"]
[BlackElo "2542"]
[PlyCount "62"]
[EventDate "2023.08.12"]
[EventType "tourn"]
[EventRounds "9"]
[EventCountry "DEN"]
[SourceTitle "Live v. Skanderborg Skak"]

1. e4 c5 2. Nf3 Nc6 3. Bb5 g6 4. O-O Bg7 5. c3 Nf6 6. Re1 O-O 7. d4 d5 8. e5
Ne4 9. Bxc6 bxc6 10. Be3 Rb8 11. Qc1 cxd4 12. cxd4 f6 13. Nbd2 Bf5 14. Nb3 Qd7
15. exf6 exf6 16. Nh4 Be6 17. f3 g5 18. fxe4 dxe4 19. Nc5 Qd5 20. Bf2 gxh4 21.
Rxe4 h3 22. Qf1 Bf5 23. Re2 Bg4 24. Rc2 Bf5 25. Re2 Kh8 26. b3 Bg4 27. Re7 Rg8
28. g3 Rbe8 29. Rae1 Rxe7 30. Rxe7 f5 31. Nd3 Qd6 1/2-1/2

[Event "Smuk Skak GM 2023"]
[Site "Skanderborg"]
[Date "2023.08.16"]
[Round "5"]
[White "Pedersen, Nicolai Vesterbaek"]
[Black "Korley, Kassa"]
[Result "0-1"]
[WhiteElo "2360"]
[BlackElo "2447"]
[PlyCount "94"]
[EventDate "2023.08.12"]
[EventType "tourn"]
[EventRounds "9"]
[EventCountry "DEN"]
[SourceTitle "Live v. Skanderborg Skak"]

1. e4 c5 2. Nf3 d6 3. d4 cxd4 4. Nxd4 Nf6 5. Nc3 g6 6. Be3 Bg7 7. f3 Nc6 8. Qd2
O-O 9. O-O-O d5 10. exd5 Nxd5 11. Nxc6 bxc6 12. Bd4 e5 13. Bc5 Be6 14. Ne4 Re8
15. h4 h6 16. h5 g5 17. g4 Qc7 18. Bc4 Red8 19. Qe1 f5 20. gxf5 Bxf5 21. Rh2
Be6 22. Rhd2 Qf7 23. Qf1 Qxh5 24. Bb3 Re8 25. Qa6 Qxf3 26. Nd6 Nf6 27. Rf2 Qg4
28. Nxe8 Rxe8 29. Qxc6 Bxb3 30. Rxf6 Rc8 31. Qf3 Qxf3 32. Rxf3 Bxc2 33. Kxc2
Rxc5+ 34. Rc3 Bf8 35. b4 Rb5 36. a3 Rb7 37. Rc8 Kg7 38. Re8 Be7 39. Rd5 h5 40.
Rxe5 Bf6 41. Rc5 h4 42. Kd3 Kf7 43. Rec8 h3 44. R8c7+ Rxc7 45. Rxc7+ Kg6 46.
Ke4 g4 47. Kf4 g3 0-1

[Event "Smuk Skak GM 2023"]
[Site "Skanderborg"]
[Date "2023.08.17"]
[Round "6"]
[White "Nagy, Gabor"]
[Black "Ramsdal, Jens Albert"]
[Result "1/2-1/2"]
[WhiteElo "2452"]
[BlackElo "2383"]
[PlyCount "67"]
[EventDate "2023.08.12"]
[EventType "tourn"]
[EventRounds "9"]
[EventCountry "DEN"]
[SourceTitle "Live v. Skanderborg Skak"]

1. c4 Nf6 2. Nc3 e6 3. d4 d5 4. Bg5 Bb4 5. e3 h6 6. Bxf6 Qxf6 7. Qa4+ Nc6 8.
Nf3 O-O 9. Rc1 Rd8 10. Be2 a6 11. a3 Bf8 12. O-O Qe7 13. Rfd1 g6 14. Qc2 Nb8
15. Ne5 Bg7 16. cxd5 exd5 17. e4 c6 18. exd5 Bf5 19. Qb3 c5 20. d6 Rxd6 21. Nd5
Rxd5 22. Qxd5 cxd4 23. Nc4 Nc6 24. Bd3 Rd8 25. Qf3 Be6 26. Re1 Qg5 27. Qe2 h5
28. Nd2 Bg4 29. f3 Be6 30. Ne4 Qe3+ 31. Nf2 Bh6 32. Qf1 Qf4 33. Rc5 Bf8 34.
Rcc1 1/2-1/2

[Event "Smuk Skak GM 2023"]
[Site "Skanderborg"]
[Date "2023.08.17"]
[Round "6"]
[White "Boe Olsen, Filip"]
[Black "Pajeken, Jakob Leon"]
[Result "1/2-1/2"]
[WhiteElo "2421"]
[BlackElo "2420"]
[PlyCount "178"]
[EventDate "2023.08.12"]
[EventType "tourn"]
[EventRounds "9"]
[EventCountry "DEN"]
[SourceTitle "Live v. Skanderborg Skak"]

1. c4 Nf6 2. Nf3 e6 3. g3 d5 4. Bg2 d4 5. O-O c5 6. e3 Nc6 7. exd4 cxd4 8. d3
h6 9. Bd2 Nd7 10. b4 Nxb4 11. Nxd4 Be7 12. Bc3 O-O 13. a3 Na6 14. Nb5 Nab8 15.
Nd2 Nc6 16. Ne4 Nde5 17. Ra2 a6 18. Qa1 axb5 19. cxb5 Qxd3 20. bxc6 Nf3+ 21.
Kh1 Qxe4 22. Qd1 Qxc6 23. Qxf3 Qxf3 24. Bxf3 Rd8 25. Kg2 Rxa3 26. Rxa3 Bxa3 27.
Rb1 Bc5 28. Ba5 b6 29. Bxb6 Bxb6 30. Rxb6 Kf8 31. Bb7 Bd7 32. Bc6 Ke7 33. Bxd7
Rxd7 34. h4 Kf6 35. Rb4 Ke5 36. Rg4 f5 37. Ra4 Rd4 38. Ra7 Kf6 39. Ra8 Rd7 40.
Rf8+ Ke5 41. Ra8 f4 42. Ra5+ Rd5 43. gxf4+ Kxf4 44. Ra7 g6 45. Rg7 Kf5 46. Rf7+
Kg4 47. Rf6 Kxh4 48. Rxe6 Rg5+ 49. Kh2 Kg4 50. Rf6 Kh5 51. Rd6 Ra5 52. Kg3 Kg5
53. Rd4 h5 54. f3 Rb5 55. Rc4 Kf5 56. Rf4+ Ke6 57. Re4+ Re5 58. Ra4 Re1 59. Ra5
Kf6 60. Ra6+ Kf5 61. Ra5+ Re5 62. Ra8 Rb5 63. Rf8+ Ke5 64. Re8+ Kf6 65. Rf8+
Kg7 66. Rc8 Rg5+ 67. Kf2 Rf5 68. Kg3 Kh6 69. Rc4 Kg5 70. f4+ Kh6 71. Rc7 Ra5
72. Rb7 Ra3+ 73. Kg2 Rc3 74. Ra7 h4 75. Ra5 Rg3+ 76. Kf2 Rg4 77. Kf3 Rg1 78.
Kf2 Rg3 79. Rb5 Kg7 80. Rb7+ Kh6 81. Rb5 Ra3 82. Kg2 Kg7 83. Rb7+ Kh6 84. Rb5
Rg3+ 85. Kf2 Rd3 86. Kg2 Rc3 87. Ra5 h3+ 88. Kh2 Kg7 89. Rb5 Kf6 1/2-1/2